000 00947nam a22003137a 4500
001 BR2010005647
003 BR-BrBNA
005 20230928103432.0
007 ta
008 230509b bl.||||| |||| 00| 0 por d
040 _aBR-BrBNA
_bpor
_cBiblioteca Nacional de Agricultura
041 _a(Por)
072 _aF04; K10
_b2480
090 _ 2480 BR2010005647
100 1 _aSouza, G.A. de
110 1 _aUniversidade Federal de Lavras, MG (Brasil)
_0Tese (Mestrado)
245 1 _aInfluência do método de sangria e da adubação na produção e qualidade do látex de seringueira
260 3 _aLavras, MG (Brasil):
_c2010.
300 _a65 p.
500 _aSummaries (Eng, Por); Bibliography p. 54-62; 6 illus.; 7 tables
650 _aSERINGUEIRA
650 _aLÁTEX
650 _aSANGRIA
650 _aADUBAÇÃO
650 _aPRODUÇÃO VEGETAL
650 _aQUALIDADE
909 _a202309
_bLucia
_c55
_dLucia Elande
942 _cBK
999 _c75110
_d75110